University Home | Library Home | Institutional Repository

Principles of electrocardiography. (Record no. 54689)

MARC details
000 -LEADER
fixed length control field 00607cam1a220021700 4500
001 - CONTROL NUMBER
control field tmp15723668
003 - CONTROL NUMBER IDENTIFIER
control field UPRA
005 - DATE AND TIME OF LATEST TRANSACTION
control field 20190814130910.0
008 - FIXED-LENGTH DATA ELEMENTS--GENERAL INFORMATION
fixed length control field 951012s1973 pk eng u
035 ## - SYSTEM CONTROL NUMBER
System control number (Sirsi) r23967
035 ## - SYSTEM CONTROL NUMBER
System control number (UPRA)tmp15723668
040 ## - CATALOGING SOURCE
Transcribing agency UPRA
100 1# - MAIN ENTRY--PERSONAL NAME
Personal name Ilyas, Muhammad.
Linkage A85986.1
245 10 - TITLE STATEMENT
Title Principles of electrocardiography.
246 30 - VARYING FORM OF TITLE
Title proper/short title Electrocardiography
260 ## - PUBLICATION, DISTRIBUTION, ETC.
Place of publication, distribution, etc. Lahore :
Name of publisher, distributor, etc. Ferozsons,
Date of publication, distribution, etc. 1973.
504 ## - BIBLIOGRAPHY, ETC. NOTE
Bibliography, etc. note Bibliography: p. [131]-135.
650 #0 - SUBJECT ADDED ENTRY--TOPICAL TERM
Topical term or geographic name entry element Electrocardiography.
Linkage S5291.1
949 ## - LOCAL PROCESSING INFORMATION (OCLC)
a RC683.5
w LC
i -23466
m MEDICAL
t BOOK
l ON-SHELF

No items available.

© 2026 - The University of Zambia Library - Koha v25.11